000 nam a22 7a 4500
999 _c54517
_d54517
003 OSt
005 20220915143057.0
008 220801b xxu||||| |||| 00| 0 eng d
040 _ciimt ninversity
100 _aVEDVYAS
245 _aSHRI BHAGWAT- SUDHA SAGAR
260 _aGEETA PRESS
_bGORAKHPUR
_c2045
300 _a1002
942 _2ddc
_c09